Wiedza ogólna o świecie #1 - Statystyki

Ogólne statystyki
  • Ten quiz został rozwiązany 202 razy
  • Średni wynik to 12 z 15
Statystyki odpowiedzi
Zagadnienie Odpowiedź % Poprawnych
Który kraj słynie z produkcji szwajcarskiego sera i zegarków? Szwajcaria
94%
Który sport uprawiał Michael Jordan? Koszykówka
91%
Kto namalował „Mona Lisę”? Leonardo da Vinci
90%
Które miasto jest stolicą Kanady? Ottawa
89%
Który pierwiastek chemiczny ma symbol „O”? Tlen
89%
W którym roku Polska wstąpiła do Unii Europejskiej? 2004
88%
Kto napisał „Zbrodnię i karę”? Fiodor Dostojewski
83%
Ile wynosi suma kątów wewnętrznych w trójkącie? 180°
82%
Jak nazywa się stolica Brazylii? Brasília
81%
Który ocean jest największy na świecie? Spokojny
81%
Jaka jest największa planeta w Układzie Słonecznym? Jowisz
77%
Kto jest autorem teorii względności? Albert Einstein
68%
Który polski noblista napisał „Chłopów”? Władysław Reymont
67%
Który kontynent jest najmniejszy pod względem powierzchni? Australia
60%
Jak nazywa się najdłuższa rzeka na świecie? Amazonka
39%
Nie znaleziono quizów pasujących do podanych kryteriów
Rozkład punktacji
Procent ludzi z każdym wynikiem
Percentyl według liczby udzielonych odpowiedzi
Twoja historia wyników
Nie rozwiązałeś tego quizu